| 000 | 01402nam a2200397 c 4500 | ||
|---|---|---|---|
| 001 | 15437 | ||
| 003 | ES-MaCES | ||
| 005 | 20141221122351.0 | ||
| 008 | 030806s2002 sp t 000 | spa d | ||
| 017 |
_aM 10711-2002 _bDL |
||
| 035 | _aCES20030011406m | ||
| 040 |
_aES-MaCES _bspa _cES-MaCES |
||
| 041 | 0 |
_aspa _aeng |
|
| 100 | 1 |
_aOrtún Rubio, Vicente _920104 |
|
| 245 | 1 | 0 |
_aFinanciación capitativa _b: articulación entre niveles asistenciales y descentralización de las organizaciones sanitarias _cVicente Ortún-Rubio, Guillem López-Casanovas |
| 260 |
_aBilbao _bFundación BBVA _c[2002] |
||
| 300 |
_a60 p. _c30 cm |
||
| 490 | 1 |
_aDocumentos de trabajo _v3 |
|
| 500 | _aResumen en español e inglés | ||
| 504 | _aBibliografía: p. 60 | ||
| 541 | _cGratuito | ||
| 650 | 4 |
_aasistencia médica _930272 |
|
| 650 | 4 |
_aservicio de salud _927058 |
|
| 650 | 4 |
_agestión de los sistemas de asistencia sanitaria _930670 |
|
| 650 | 4 |
_afinanciación de la seguridad social _930265 |
|
| 650 | 4 |
_adescentralización _927218 |
|
| 650 | 4 |
_aEspaña _926964 |
|
| 650 | 4 |
_ateoría económica _927076 |
|
| 653 | 1 | 0 | _aSalud |
| 700 | 1 |
_aLópez i Casasnovas, Guillem _916919 |
|
| 710 | 2 |
_aFundación BBVA _eed. _93766 |
|
| 830 | 0 |
_aDocumentos de Trabajo (Fundación BBVA) _v3 _933895 |
|
| 902 | _aDOC Literatura gris | ||
| 942 |
_2CES _cBK _h3.1. |
||
| 999 |
_c15437 _d15437 |
||